000 00594nam a2200205Ia 4500
005 20221212111718.0
008 131103s9999 xx 000 0 und d
040 _aLoreto College
041 _aEnglish
082 _a821.91
_bYEA-CHA
100 _aChatterjee, Bhabatosh
245 4 _aThe poetry of W. B. Yeats
_cBhabatosh Chatterjee
260 _aBombay
_bOrient Longman
_c1962
300 _axii,163 p.
504 _aIncludes bibliographical references and index
650 _aEnglish Poetry
651 _aYaets, William Butler - Poetry and Criticism
850 _aLCLIB
942 _cBK
999 _c6606
_d57085